[Event "Echiquier Aubois / Bogny"]
[Site "?"]
[Date "2011.03.20"]
[Round "6"]
[White "Guyon, Cyndie"]
[Black "Guillaume, jean-françois"]
[Result "1-0"]
[WhiteElo "1915"]
[BlackElo "1864"]
[PlyCount "69"]
[EventDate "2009.11.22"]
[SourceDate "2011.03.20"]

1. d4 Nf6 2. Bg5 Ne4 3. Bh4 c5 4. f3 Qa5+ 5. c3 Nf6 6. Bf2 cxd4 7. Bxd4 e5 8.
Bf2 d5 9. Nd2 Bd7 10. Nb3 Qc7 11. e3 Bd6 12. Ne2 Be6 13. Ng3 O-O 14. Bd3 g6 15.
O-O h5 16. e4 Nbd7 17. Qd2 Kg7 18. Qg5 Rh8 19. Rad1 h4 20. Ne2 dxe4 21. fxe4
Be7 22. h3 a6 23. Qe3 b5 24. Rd2 Rh5 25. Nec1 Ne8 26. Qf3 Nd6 27. Be3 Qc6 28.
Na5 Qc7 29. Ncb3 Nc4 30. Bxc4 bxc4 31. Nc1 Nc5 32. b4 cxb3 33. Ncxb3 Nxb3 34.
Nxb3 Qxc3 35. Bh6+ 1-0

[Event "Echiquier Aubois / Bogny"]
[Site "?"]
[Date "2011.03.20"]
[Round "6"]
[White "Chittier, Celine"]
[Black "Flamant, Jacky"]
[Result "1/2-1/2"]
[WhiteElo "1892"]
[BlackElo "1812"]
[PlyCount "43"]
[EventDate "2009.11.22"]
[SourceDate "2011.03.20"]

1. Nf3 d5 2. d4 Nf6 3. Bf4 e6 4. e3 c5 5. c4 Nc6 6. Nc3 a6 7. Be2 cxd4 8. exd4
Bb4 9. O-O O-O 10. Rc1 dxc4 11. Bxc4 b5 12. Bb3 Bb7 13. d5 exd5 14. Nxd5 Nxd5
15. Bxd5 Rc8 16. a3 Be7 17. Re1 Bf6 18. Ne5 Bxe5 19. Bxe5 Nxe5 20. Rxc8 Qxc8
21. Bxb7 Qxb7 22. Rxe5 1/2-1/2

[Event "Echiquier Aubois / Bogny"]
[Site "?"]
[Date "2011.03.20"]
[Round "6"]
[White "Waczecka, Jerome"]
[Black "Goncalves, David"]
[Result "1-0"]
[WhiteElo "1740"]
[BlackElo "1763"]
[PlyCount "71"]
[EventDate "2009.11.22"]
[SourceDate "2011.03.20"]

1. d4 e6 2. Nf3 Nf6 3. Bg5 Bb4+ 4. c3 Be7 5. Nbd2 b6 6. e4 Bb7 7. Bd3 Ng4 8.
Bf4 Nf6 9. O-O d6 10. Qe2 c5 11. Rac1 h6 12. h3 a6 13. dxc5 bxc5 14. Rfd1 Nh7
15. Nc4 e5 16. Ncxe5 O-O 17. Bb1 Ng5 18. Nxg5 hxg5 19. Bg3 g6 20. Nc4 Bc8 21.
Nxd6 Qb6 22. Nxc8 Rxc8 23. e5 Qe6 24. Be4 Ra7 25. Bd5 Qb6 26. Qe4 Kg7 27. e6 f6
28. Bb3 Rd8 29. Rxd8 Qxd8 30. Rd1 Qc8 31. Bxb8 Qxb8 32. Rd7 Rxd7 33. exd7 Qf8
34. Qc6 Bd6 35. Qc8 Qe7 36. d8=Q 1-0

[Event "Echiquier Aubois / Bogny"]
[Site "?"]
[Date "2011.03.20"]
[Round "6"]
[White "Solanas, Ricardo"]
[Black "Alcidi, Valentin"]
[Result "0-1"]
[WhiteElo "1654"]
[BlackElo "1800"]
[PlyCount "76"]
[EventDate "2009.11.22"]
[SourceDate "2011.03.20"]

1. d4 Nf6 2. c4 e6 3. Nf3 b6 4. g3 Ba6 5. b3 Bb4+ 6. Nbd2 O-O 7. Bg2 Bb7 8. O-O
d5 9. Qc2 Nbd7 10. a3 Bd6 11. Re1 Re8 12. b4 c5 13. Rb1 cxb4 14. axb4 dxc4 15.
Nxc4 Rc8 16. Qa2 Bd5 17. Nfd2 Bb8 18. e4 Bb7 19. Qb3 h5 20. f4 h4 21. e5 Bxg2
22. Kxg2 Nd5 23. Ne4 Rf8 24. Ncd6 Bxd6 25. Nxd6 Rc3 26. Qd1 Qc7 27. Nb5 Rc2+
28. Re2 Rxe2+ 29. Qxe2 Qc6 30. Kh3 hxg3 31. hxg3 a6 32. Nd6 Nc3 33. Qd3 Nxb1
34. Qxb1 Qh1+ 35. Kg4 g6 36. f5 Qh5+ 37. Kf4 gxf5 38. Be3 Qg4# 0-1

[Event "Echiquier Aubois / Bogny"]
[Site "?"]
[Date "2011.03.20"]
[Round "6"]
[White "Prioux, Michel"]
[Black "Geruin, Antonin"]
[Result "0-1"]
[WhiteElo "1740"]
[BlackElo "1808"]
[PlyCount "85"]
[EventDate "2009.11.22"]
[SourceDate "2011.03.20"]

1. c4 Nf6 2. Nc3 e6 3. g3 d5 4. cxd5 exd5 5. d4 Bf5 6. Bg2 c6 7. Nf3 Nbd7 8.
O-O Bd6 9. a3 O-O 10. Bg5 h6 11. Bxf6 Nxf6 12. b4 a6 13. Rc1 a5 14. Qb3 axb4
15. axb4 Qb6 16. b5 Rfe8 17. e3 Ra3 18. Qb2 Bd3 19. Rfd1 Bc4 20. Nd2 cxb5 21.
Nxc4 dxc4 22. Qxb5 Rb3 23. Qxc4 Ng4 24. Rb1 Rb2 25. Rf1 Ra8 26. h3 Nf6 27. Rxb2
Qxb2 28. Rb1 Qa3 29. Rxb7 Rf8 30. Nd5 Qa1+ 31. Kh2 Qe1 32. Nxf6+ gxf6 33. Qa2
h5 34. h4 Qd1 35. Bd5 Qg4 36. Bxf7+ Kh8 37. Qd5 Bxg3+ 38. fxg3 Qe2+ 39. Qg2
Qxe3 40. d5 Qd3 41. Bxh5 Rc8 42. Be2 Qe3 43. Qf3 0-1

[Event "Echiquier Aubois / Bogny"]
[Site "?"]
[Date "2011.03.20"]
[Round "6"]
[White "Pelade, Thierry"]
[Black "Renard, Luc"]
[Result "1-0"]
[WhiteElo "1730"]
[BlackElo "1782"]
[PlyCount "83"]
[EventDate "2009.11.22"]
[SourceDate "2011.03.20"]

1. e4 e6 2. f4 d5 3. exd5 exd5 4. Nf3 Nf6 5. d4 Bd6 6. Be2 O-O 7. O-O h6 8. Ne5
Bf5 9. Nd2 Ne4 10. Nxe4 Bxe4 11. Bh5 f6 12. Ng6 Bxg6 13. Bxg6 f5 14. g4 fxg4
15. Qxg4 Qf6 16. f5 Nc6 17. c3 Ne7 18. Bd2 Nxg6 19. fxg6 Qe7 20. Qg2 c6 21.
Rae1 Rxf1+ 22. Rxf1 Rf8 23. Rxf8+ Qxf8 24. Qg4 Qe8 25. h4 Bf8 26. h5 Qe7 27.
Kf2 Qf6+ 28. Qf4 Be7 29. Qxf6 Bxf6 30. Kf3 Kf8 31. Kg4 Ke7 32. Kf5 Bh4 33. Bf4
Bf6 34. b3 c5 35. Be5 Bxe5 36. Kxe5 cxd4 37. cxd4 b6 38. a3 a6 39. b4 b5 40.
Kxd5 Kd7 41. Kc5 Kc7 42. d5 1-0

[Event "Epernay/Chalons"]
[Site "?"]
[Date "2011.03.20"]
[Round "6"]
[White "TATARD, Marie"]
[Black "VEILLERETTE, Patrick"]
[Result "1/2-1/2"]
[WhiteElo "1856"]
[BlackElo "1880"]
[PlyCount "42"]
[EventDate "2011.03.23"]
[SourceDate "2011.03.23"]

1. e4 d5 2. exd5 Qxd5 3. Nc3 Qa5 4. d4 Nf6 5. Bd2 c6 6. h3 Bf5 7. Bc4 e6 8. Nf3
Nbd7 9. Nd5 Qd8 10. Ne3 Be4 11. O-O Be7 12. Re1 O-O 13. c3 Qb6 14. Bb3 Rfd8 15.
Nc4 Qc7 16. Bg5 Bd5 17. Qc1 Bxf3 18. gxf3 Nd5 19. Bxe7 Nxe7 20. Ne5 Nxe5 21.
Rxe5 Ng6 1/2-1/2

[Event "Epernay/Chalons"]
[Site "?"]
[Date "2011.03.20"]
[Round "6"]
[White "HARNIK, Cecilien"]
[Black "DURANT, Christophe"]
[Result "1-0"]
[WhiteElo "1953"]
[BlackElo "1948"]
[PlyCount "77"]
[EventDate "2011.03.23"]
[SourceDate "2011.03.23"]

1. e4 c5 2. Nf3 Nc6 3. d4 cxd4 4. Nxd4 d6 5. Nc3 Nf6 6. f3 Qb6 7. Nb3 Bd7 8.
Qe2 a6 9. Be3 Qc7 10. g4 g6 11. g5 Nh5 12. Nd5 Qb8 13. Bb6 Bg7 14. Nc7+ Kf8 15.
Nxa8 Qxa8 16. O-O-O Qc8 17. Kb1 h6 18. gxh6 Rxh6 19. Be3 Rh7 20. Qd2 Ng3 21.
Rg1 Nxf1 22. Rdxf1 Bh3 23. Rf2 Ne5 24. Bd4 Bh6 25. Qe2 Nc6 26. Bc3 Bf4 27. Bd2
Be5 28. f4 Bf6 29. Qf3 Bh4 30. Re2 Be6 31. Bc3 b5 32. a3 a5 33. Nxa5 Nxa5 34.
Bxa5 Qc5 35. Reg2 Bf6 36. f5 Bd7 37. fxg6 Rxh2 38. gxf7 Rxg2 39. Qxg2 1-0

[Event "Epernay/Chalons"]
[Site "?"]
[Date "2011.03.20"]
[Round "6"]
[White "COLLINET, Laurent"]
[Black "VEILLERETTE, Chantal"]
[Result "1/2-1/2"]
[WhiteElo "1800"]
[BlackElo "1640"]
[PlyCount "31"]
[EventDate "2011.03.23"]
[SourceDate "2011.03.23"]

1. c4 Nf6 2. g3 g6 3. Bg2 Bg7 4. Nc3 O-O 5. e4 d6 6. d3 Nc6 7. Nge2 e5 8. O-O
h6 9. h3 a6 10. f4 Nh7 11. Rb1 Rb8 12. a4 Bd7 13. Be3 Qc8 14. Kh2 Nd4 15. Nd5
Nxe2 16. Ne7+ 1/2-1/2

[Event "Epernay/Chalons"]
[Site "?"]
[Date "2011.03.20"]
[Round "6"]
[White "KRAJEWSKI, Eric"]
[Black "FREZIER, Sébastien"]
[Result "0-1"]
[WhiteElo "1470"]
[BlackElo "1660"]
[PlyCount "48"]
[EventDate "2011.03.23"]
[SourceDate "2011.03.23"]

1. d4 Nf6 2. c4 e6 3. Nf3 b6 4. Nc3 d5 5. e3 Ba6 6. b3 c5 7. Bb2 dxc4 8. Bxc4
Bxc4 9. bxc4 Be7 10. O-O O-O 11. d5 a6 12. dxe6 fxe6 13. Ng5 Qc8 14. Qc2 h6 15.
Nge4 Qc6 16. Rfd1 Nbd7 17. Rd2 Ne5 18. Nxf6+ Bxf6 19. Qe4 Qxe4 20. Nxe4 Nxc4
21. Bxf6 Nxd2 22. Nxd2 gxf6 23. Nc4 b5 24. Nb6 Rad8 0-1

[Event "Epernay/Chalons"]
[Site "?"]
[Date "2011.03.20"]
[Round "6"]
[White "MARCHAL, Ludovic"]
[Black "COUTIER, Camille"]
[Result "0-1"]
[WhiteElo "1650"]
[BlackElo "1525"]
[PlyCount "58"]
[EventDate "2011.03.23"]
[SourceDate "2011.03.23"]

1. c4 e5 2. Nc3 Nf6 3. g3 Nc6 4. Bg2 Bb4 5. Nf3 d6 6. O-O O-O 7. d3 Be6 8. a3
Bxc3 9. bxc3 h6 10. e4 Qd7 11. Rb1 b6 12. Nh4 Rad8 13. Nf5 Bxf5 14. exf5 Ne7
15. g4 d5 16. g5 hxg5 17. Bxg5 Qxf5 18. Bxf6 Qxf6 19. Qg4 Rfe8 20. cxd5 Nxd5
21. Bxd5 Rxd5 22. Rfd1 e4 23. h4 exd3 24. Rb3 d2 25. Kg2 Re1 26. c4 Rd4 27.
Qc8+ Kh7 28. Rbb1 Qg6+ 29. Kh2 Rxh4+ 0-1

[Event "Epernay/Chalons"]
[Site "?"]
[Date "2011.03.20"]
[Round "6"]
[White "POGU, Thomas"]
[Black "PUECH, Armel"]
[Result "1/2-1/2"]
[WhiteElo "1510"]
[BlackElo "1670"]
[PlyCount "120"]
[EventDate "2011.03.23"]
[SourceDate "2011.03.23"]

1. e4 e6 2. d4 d5 3. exd5 exd5 4. Nf3 Nf6 5. Bg5 Be7 6. Bd3 Bg4 7. Nbd2 O-O 8.
O-O h6 9. Bh4 Nc6 10. c3 Re8 11. Qc2 Nh5 12. Bxe7 Rxe7 13. Rfe1 Nf4 14. Rxe7
Qxe7 15. Re1 Qf6 16. b3 a6 17. Qb1 Kf8 18. Bc2 Re8 19. Rxe8+ Kxe8 20. Qe1+ Kf8
21. Qe3 Ne6 22. h3 Bf5 23. Bxf5 Qxf5 24. Nh4 Qc2 25. a4 Qd1+ 26. Kh2 Qh5 27.
Ndf3 Ng5 28. Kh1 Nxf3 29. Nxf3 Qf5 30. Nd2 Qe6 31. Qxe6 fxe6 32. f4 Ne7 33. g3
a5 34. Kg2 b6 35. Nf3 Nc8 36. Ne5 Nd6 37. Kf3 Ne4 38. c4 Nd2+ 39. Ke3 Nxb3 40.
cxd5 exd5 41. g4 Ke7 42. h4 c5 43. dxc5 Nxc5 44. Nc6+ Kd6 45. Nd4 Ke7 46. Nb5
Nxa4 47. Kd4 Kf6 48. Kxd5 Nb2 49. Ke4 Nd1 50. g5+ hxg5 51. hxg5+ Kg6 52. Kd5
Nb2 53. Na3 Kf5 54. Kc6 Kxf4 55. g6 Kf5 56. Kxb6 a4 57. Kb5 Kxg6 58. Kb4 Kh5 (
58... Kf5 $5) 59. Nc2 g5 60. Ne3 g4 1/2-1/2

[Event "Epernay/Chalons"]
[Site "?"]
[Date "2011.03.20"]
[Round "6"]
[White "ROBERT, Guillaume"]
[Black "REY, Jean"]
[Result "0-1"]
[WhiteElo "1470"]
[BlackElo "1490"]
[PlyCount "100"]
[EventDate "2011.03.23"]
[SourceDate "2011.03.23"]

1. d4 Nf6 2. Nf3 g6 3. c4 Bg7 4. Nc3 O-O 5. e4 d6 6. Be3 a5 7. Rb1 c5 8. dxc5
dxc5 9. Bxc5 Qxd1+ 10. Rxd1 Re8 11. Rd2 Bh6 12. Rd3 Na6 13. Ba3 Nb4 14. Bxb4
axb4 15. Nd1 Rxa2 16. Rb3 Ra4 17. Bd3 Nd7 18. c5 Rd8 19. Bb5 Ra1 20. Rxb4 Nxc5
21. Ke2 Bg4 22. Ne3 Bxf3+ 23. Kxf3 Rxh1 24. Nd5 Bf8 25. Rc4 e6 26. Nf6+ Kg7 27.
e5 Re1 28. Ne8+ Kh8 29. Rh4 Rxe5 30. g4 Bg7 31. Kg3 Ne4+ 32. Kf4 Rxb5 33. Nxg7
g5+ 34. Kxe4 gxh4 35. Nh5 Rxb2 36. f4 Rb5 37. Nf6 Kg7 38. g5 Rb4+ 39. Kf3 Rd3+
40. Kg4 h5+ 41. Nxh5+ Kf8 42. Kxh4 e5 43. Kg4 exf4 44. Nxf4 Rdd4 45. h4 Rxf4+
46. Kg3 Rg4+ 47. Kh3 Rxh4+ 48. Kg3 Rhc4 49. Kf3 Rb3+ 50. Ke2 Rc2+ 0-1

[Event "Epernay/Chalons"]
[Site "?"]
[Date "2011.03.20"]
[Round "6"]
[White "MICHON, Guillaume"]
[Black "PHILIPPE, Thibault"]
[Result "1-0"]
[WhiteElo "1370"]
[BlackElo "1300"]
[PlyCount "83"]
[EventDate "2011.03.23"]
[SourceDate "2011.03.23"]

1. e4 c5 2. Nf3 Nc6 3. d4 e6 4. d5 exd5 5. exd5 Qe7+ 6. Be3 Ne5 7. c4 Ng4 8.
Qb3 d6 9. Be2 Nxe3 10. fxe3 g6 11. Qb5+ Bd7 12. Qxb7 Rc8 13. Qb3 Bh6 14. Kf2
Nf6 15. Nfd2 O-O 16. Re1 Rfe8 17. Bf3 Bg4 18. e4 Bxf3 19. Qxf3 Qe5 20. Qc3 Qf4+
21. Kg1 Ng4 22. Nf3 Bg7 23. Qd2 Bd4+ 24. Nxd4 cxd4 (24... Qxh2+ $3 25. Kf1 cxd4
$19) 25. Qxf4 Ne5 26. Rf1 Rf8 27. b3 Rcd8 28. Na3 Nd3 29. Qf6 Nc5 30. Rf4 Nd7
31. Qxd4 Rde8 32. Nb5 Re7 33. Nxd6 f6 34. Raf1 Kg7 35. c5 g5 36. Nf5+ Kf7 37.
Nxe7 gxf4 38. d6 Rd8 39. Qd5+ Kg7 40. Rxf4 Nf8 41. Rg4+ Kh6 42. Ng8# 1-0

[Event "Ronde 6 Tour du Roi / Blagny"]
[Site "?"]
[Date "2011.03.20"]
[Round "6.4"]
[White "Fourcart, Marc"]
[Black "Louis, André"]
[Result "1-0"]
[WhiteElo "1707"]
[BlackElo "1835"]
[PlyCount "113"]
[EventDate "2011.03.20"]
[SourceDate "2011.03.20"]

1. e4 c5 2. Nf3 Nc6 3. d4 cxd4 4. Nxd4 Nf6 5. Nc3 e5 6. Ndb5 d6 7. Bg5 a6 8.
Na3 b5 9. Nd5 Be7 10. Bxf6 Bxf6 11. c3 O-O 12. Be2 Bg5 13. O-O Be6 14. Nc2 Ne7
15. Nce3 {en pensant qu'il va échanger le fou} (15. Ncb4) 15... Bxe3 16. Nxe3
d5 17. exd5 (17. a4 dxe4 18. axb5 axb5 19. Rxa8 Qxa8 20. Qd6 {j'avais analyser
cette variante mais j'ai joué autre chose alors quelle m'était favorable})
17... Nxd5 18. Nxd5 Qxd5 19. Qc2 Rad8 20. Rfd1 Qc5 21. Rd2 Bf5 22. Qd1 Qe7 23.
h3 (23. a4 {
je regarde encore ce coup et joue l'autre qui devais me faire perdre}) 23...
Bxh3 24. g4 (24. Rxd8 Rxd8 25. Qc1 Be6) 24... Rxd2 (24... h5 25. f3 (25. Rd3
Bxg4 26. Bxg4 hxg4 27. Rxd8 Rxd8 28. Qxg4 Rd2 29. Qc8+) 25... Qh4 {
et il me tuait}) 25. Qxd2 Qb7 26. f3 e4 (26... Qb6+ 27. Kh2 Rd8 28. Qe1) 27.
Qe3 f5 28. Kh2 {et là pour moi c'est cuit pour lui} Rf6 29. Kxh3 Rh6+ 30. Kg2
fxg4 31. Qxe4 gxf3+ 32. Bxf3 Qb8 33. Rh1 Rg6+ 34. Kf2 (34. Qxg6 {
je m'étais cela doit être jouable mais pas analyser le fou d5 + qui gagne !!}
hxg6 35. Bd5+ Kf8 36. Rh8+) 34... Qb6+ 35. Qe3 Qd8 36. Qd4 Rd6 37. Qe4 Rd2+ 38.
Kg3 Qd6+ 39. Qf4 Qxf4+ 40. Kxf4 Rxb2 41. Bd5+ {
moi 1 pion cela me suffit pour gagner} Kh8 42. Re1 g6 43. Ke3 (43. Kg5 {
pour essayer de mater}) 43... b4 44. cxb4 Rxb4 45. Rf1 a5 46. Rf4 Rb6 47. a4 h6
48. Rf7 Rd6 49. Bc4 h5 50. Ra7 Rf6 51. Rxa5 h4 52. Rg5 Kg7 53. Rg4 h3 54. Rh4
Rc6 55. Kd4 Kf6 56. Rxh3 g5 57. Rh6+ {bon une pa rtie bizarre ou j'ai pris des
décision qui aurait pu me couter la victoire mais l'arnaqueur est passé par là}
1-0

[Event "Ronde 6 Tour du Roi / Blagny"]
[Site "?"]
[Date "2011.03.20"]
[Round "6.1"]
[White "Lassalle, Arnaud"]
[Black "Dubuisson, Thomas"]
[Result "1/2-1/2"]
[WhiteElo "2064"]
[BlackElo "2005"]
[PlyCount "20"]
[EventDate "2011.03.20"]
[SourceDate "2011.03.20"]

1. e4 g6 2. d4 Bg7 3. Nc3 d6 4. Bg5 Nd7 5. Qd2 c5 6. d5 a6 7. a4 Ngf6 8. f4 Qc7
9. Nf3 O-O 10. a5 c4 1/2-1/2

[Event "Ronde 6 Tour du Roi / Blagny"]
[Site "?"]
[Date "2011.03.20"]
[Round "6.2"]
[White "Hanot, Wilfried"]
[Black "Halfaoui, Eddine"]
[Result "0-1"]
[WhiteElo "1872"]
[BlackElo "1818"]
[PlyCount "64"]
[EventDate "2011.03.20"]
[SourceDate "2011.03.20"]

1. e4 c6 2. d4 d5 3. e5 Bf5 4. Bd3 Bxd3 5. Qxd3 e6 6. Nf3 Nd7 7. a3 c5 8. Be3
cxd4 9. Bxd4 Nh6 10. Nbd2 (10. O-O Nf5) 10... a6 11. O-O Be7 12. Rac1 b5 13.
Nb3 O-O 14. Nfd2 Nf5 15. c3 (15. f4) 15... Rc8 16. f4 Nb6 17. Bxb6 (17. Qh3)
17... Qxb6+ 18. Nd4 Nxd4 19. cxd4 Rc7 20. Rc3 (20. Rxc7 Qxc7 21. f5 {
pour casser la structure} Rc8 22. fxe6 fxe6 23. Qh3) 20... Rxc3 21. Qxc3 b4 22.
axb4 Bxb4 23. Qe3 Rc8 24. Nb3 (24. Nf3) 24... g6 25. Rc1 Rb8 26. Rc2 Ba3 27.
bxa3 (27. Qc3 {doublé ne peu être mal}) 27... Qxb3 28. Rc3 Qd1+ 29. Kf2 Rb2+
30. Kg3 h5 31. h3 h4+ 32. Kh2 Rb1 {
bon Willou une partie à oublier pas trop d'idée pour toi} 0-1

[Event "Ronde 6 Tour du Roi / Blagny"]
[Site "?"]
[Date "2011.03.20"]
[Round "6.8"]
[White "Baret, Benoit"]
[Black "Louis, Sophie"]
[Result "1-0"]
[WhiteElo "1460"]
[BlackElo "1410"]
[PlyCount "59"]
[EventDate "2011.03.20"]
[SourceDate "2011.03.20"]

1. d4 d5 2. Nf3 Nc6 3. e3 a6 4. a3 Nf6 5. Bd3 e6 6. Nbd2 Bd6 7. O-O O-O 8. b4
e5 9. dxe5 Nxe5 10. Nxe5 Bxe5 11. Rb1 Re8 12. Nf3 Qd6 13. Nxe5 Qxe5 14. Bb2 Qg5
15. Qf3 Bg4 16. Bxf6 gxf6 17. Qg3 Bd7 18. Qxc7 Bc6 19. Qg3 Rad8 20. Qxg5+ fxg5
21. c3 Ba4 22. Rfe1 h6 23. Rbc1 Bc6 24. Bc2 Bb5 25. Bb3 Re4 26. f3 Re5 27. Rcd1
Rde8 28. Rxd5 Rxd5 29. Bxd5 Rd8 30. c4 1-0

[Event "Ronde 6 Tour du Roi / Blagny"]
[Site "?"]
[Date "2011.03.20"]
[Round "6.5"]
[White "Atanacian, Valerik"]
[Black "Romain, Emeline"]
[Result "1/2-1/2"]
[WhiteElo "1880"]
[BlackElo "1780"]
[PlyCount "81"]
[EventDate "2011.03.20"]
[SourceDate "2011.03.20"]

1. d4 Nf6 2. Nc3 g6 3. e4 d6 4. Nf3 Bg7 5. Be2 Nbd7 6. h3 O-O 7. Bg5 c6 8. O-O
a6 9. Qc1 b5 10. Nd2 c5 11. d5 Bb7 12. f3 Nh5 13. Nd1 Ng3 14. Rf2 Bd4 15. Be3
Bg7 16. Nf1 Nxe2+ 17. Rxe2 Ne5 18. Bf2 Qc8 19. Nh2 a5 20. Be3 Nc4 21. Bh6 Bd4+
22. Kh1 Re8 23. c3 Bh8 24. Ne3 Nxe3 25. Bxe3 b4 (25... f5 {
pour casser au centre tout en gardant la pression aile Dame}) 26. c4 Ba6 27.
Rb1 a4 28. Qc2 Qb8 29. b3 axb3 30. axb3 Bc8 31. Bc1 Ra5 32. Bb2 Qa7 33. Bxh8
Kxh8 34. Nf1 Bd7 35. Ne3 Ra8 36. Rb2 Ra1+ 37. Kh2 Qc7 38. Qd2 Kg8 39. Qc2 R8a7
40. Qd2 Ra8 41. Qc2 1/2-1/2

[Event "Ronde 6 Tour du Roi / Blagny"]
[Site "?"]
[Date "2011.03.20"]
[Round "6.6"]
[White "Romain, Adeline"]
[Black "Louis, Vincent"]
[Result "0-1"]
[WhiteElo "1560"]
[BlackElo "1560"]
[PlyCount "92"]
[EventDate "2011.03.20"]
[SourceDate "2011.03.20"]

1. d4 b6 2. e3 e6 3. Nf3 Bb7 4. Nbd2 c6 5. b3 a6 6. Bb2 g6 7. Rc1 h6 8. Bd3 d6
9. c4 Bg7 10. Qc2 Rh7 11. Bxg6 Rh8 12. d5 Bxb2 13. Qxb2 Qf6 14. Qxf6 Nxf6 15.
Bd3 (15. Bb1) (15. dxc6 Nxc6 16. Bb1) 15... cxd5 16. cxd5 Nxd5 17. Be4 (17. Nc4
Ke7 18. Nxb6) 17... Nd7 18. O-O Ke7 19. Bxd5 Bxd5 20. e4 Bb7 21. Rfd1 (21. Rc7
Rab8 22. e5) 21... Rac8 22. Rxc8 Rxc8 23. h3 Rc2 24. a4 e5 25. Nh4 Nf6 26. f3 (
26. Nf5+ Ke6 27. f3 {et tout tenait}) 26... d5 27. exd5 (27. Nf5+ Ke6 28. Nc4 {
l'arnaque pour mater!} dxc4 (28... Rc3 29. Ng7+) 29. Rd6#) 27... Nxd5 28. Nc4
Ke6 29. Re1 f6 30. Ng6 b5 31. axb5 axb5 32. Na5 Ba8 33. Nh4 Ra2 34. Nc4 bxc4
35. bxc4 Nf4 36. c5 Rc2 37. Ra1 Bc6 38. Rd1 Rxc5 39. Rd2 Bb5 40. Kh2 Bf1 41.
Rf2 Rc1 42. Kg3 f5 43. Ra2 Kf6 44. Rb2 Kg5 45. Rd2 Ne2+ 46. Kh2 Kxh4 0-1

[Event "Ronde 6 Tour du Roi / Blagny"]
[Site "?"]
[Date "2011.03.20"]
[Round "6.7"]
[White "Grondin, Loic"]
[Black "Chebridon, Jean Louis"]
[Result "0-1"]
[WhiteElo "1340"]
[BlackElo "1427"]
[Annotator ",Microsoft"]
[PlyCount "96"]
[EventDate "2011.03.20"]
[SourceDate "2011.03.20"]

1. e4 e5 2. Nf3 Nf6 3. d3 Nc6 4. Nc3 Bc5 5. h3 O-O 6. Nd5 h6 7. Bd2 d6 8. b4
Nxd5 9. bxc5 Nf6 10. Be3 Re8 11. d4 exd4 12. Nxd4 Nxd4 13. Qxd4 Rxe4 14. Qd2
Bf5 15. Bd3 Re5 16. Bxf5 Rxf5 17. O-O dxc5 18. Rfd1 Rd5 19. Qe2 Qe7 20. Qc4
Rad8 21. Re1 Re5 22. Rad1 b6 23. Rxd8+ Qxd8 24. Bd2 Rxe1+ 25. Bxe1 Qd1 26. Kf1
Qd5 27. Qxd5 Nxd5 28. c4 Nb4 29. a4 Nd3 (29... c6 {
pousser les pions doubler pour créer un pion passé}) 30. Bc3 Nb4 31. Be5 c6 ({
le cavalier tient tout et le roi noir arrive et c'est joué} 31... Na6 32. Ke2
f6 33. Bc3 Kf7 34. Kd2 Ke6 35. f3 Kd6 36. Kd3 c6) 32. Bb8 a6 33. Ba7 Nc2 (33...
b5 34. cxb5 axb5 35. axb5 cxb5 36. Bxc5 Nd5) 34. Bxb6 Na3 35. Bxc5 Nxc4 36. f4
(36. Bd4 {et on améne le roi et là dur pour les noirs}) 36... f5 37. Ke2 Kf7
38. Kd3 Nb2+ 39. Kd4 (39. Kc2 Nxa4 40. Ba7 {et le caval ne ressort pas !})
39... Nxa4 40. Bd6 g6 41. Ke5 Nc3 42. g4 fxg4 43. hxg4 a5 44. f5 gxf5 45. Kxf5
a4 46. g5 hxg5 47. Kxg5 Ne4+ 48. Kf5 Nxd6+ 0-1

[Event "Ronde 6 Tour du Roi / Blagny"]
[Site "?"]
[Date "2011.03.20"]
[Round "6.3"]
[White "Hacene, Hamed"]
[Black "Peltriaux, Guillaume"]
[Result "0-1"]
[WhiteElo "1797"]
[BlackElo "1882"]
[PlyCount "102"]
[EventDate "2011.03.20"]
[SourceDate "2011.03.20"]

1. e4 d5 2. exd5 Qxd5 3. Nc3 Qa5 4. d4 e5 5. d5 Nf6 6. Bd2 Nxd5 7. Nf3 Nd7 8.
Bb5 Bd6 9. Bc4 Nxc3 10. Bxc3 Qc5 11. Bb3 a5 12. a3 O-O 13. O-O b5 14. Bd2 e4
15. Be3 Qh5 16. Qd5 Qxd5 17. Bxd5 Ra6 18. Bxe4 Nc5 19. Bd5 Be6 20. Bxc5 Bxc5
21. Be4 h6 22. Rfd1 Bg4 23. Rd2 Re8 24. Bd3 Rb6 25. Re1 Rxe1+ 26. Nxe1 b4 27.
a4 Be7 28. f3 Be6 29. b3 Rd6 30. Re2 Kf8 31. g3 Bf6 32. Ng2 Bxb3 33. Nf4 Bxa4
34. Kg2 Bd7 35. Bc4 Rd4 36. Bd3 a4 37. Nh5 Be7 38. Nxg7 b3 39. cxb3 Rxd3 40.
bxa4 Rd5 41. g4 Bxa4 42. Nf5 Bg5 43. h4 Rd2 44. Kf2 Rxe2+ 45. Kxe2 Bb5+ 46. Kd1
Bf4 47. Nd4 Bd3 48. Nb3 Be3 49. Na5 f5 50. Nc6 fxg4 51. Ne5 g3 0-1

[Event "N4 Chaumont / Blagny"]
[Site "?"]
[Date "2011.05.15"]
[Round "7.1"]
[White "Picard, serge"]
[Black "Dubuisson, Thomas"]
[Result "1/2-1/2"]
[WhiteElo "2084"]
[BlackElo "2006"]
[PlyCount "56"]
[EventDate "2011.05.15"]
[SourceDate "2011.05.15"]

1. e4 g6 2. d4 Bg7 3. f4 d6 4. Nf3 Nd7 5. Bc4 e6 6. O-O Ne7 7. Nc3 O-O 8. Be3
c6 9. Qd2 Nb6 10. Bd3 Qc7 11. Ne2 f5 12. e5 d5 13. Qa5 Qd7 14. b3 Qd8 15. Qd2
Bd7 16. a4 Rc8 17. Bf2 Na8 18. Bh4 b6 19. Ba6 Rc7 20. c4 Bc8 21. cxd5 Qxd5 22.
Bc4 Qd7 23. Nc3 Bb7 24. Bxe7 Qxe7 25. Ng5 Bc8 26. Qe3 h6 27. Nf3 Rd7 28. Rfd1
Nc7 1/2-1/2

[Event "N4 Chaumont / Blagny"]
[Site "?"]
[Date "2011.05.15"]
[Round "7.2"]
[White "Peltriaux, Guillaume"]
[Black "Masera, Michel"]
[Result "1-0"]
[WhiteElo "1881"]
[BlackElo "1882"]
[PlyCount "71"]
[EventDate "2011.05.15"]
[SourceDate "2011.05.15"]

1. e4 c5 2. Nf3 Nc6 3. d4 cxd4 4. Nxd4 Nf6 5. Nc3 e5 6. Ndb5 d6 7. Na3 a6 8.
Bg5 b5 9. Bxf6 gxf6 10. Nd5 f5 11. c3 fxe4 12. Bxb5 Bd7 13. Ba4 Ra7 14. Qe2 Bg7
15. Qxe4 O-O 16. Ne3 Ne7 17. Bc2 f5 18. Qc4+ Kh8 19. O-O-O Be8 20. Qd3 Rf6 21.
f3 Bg6 22. Qe2 Bh6 23. Kb1 Rb7 24. Ka1 d5 25. Bb3 Rd6 26. g4 f4 27. Nf5 Bxf5
28. gxf5 Bg7 29. Rhg1 Nxf5 30. Rxg7 Nxg7 31. Qxe5 Re7 32. Qxf4 Rde6 33. Rxd5
Re1+ 34. Nb1 Qe8 35. Qd4 Qf7 36. Rd8+ 1-0

[Event "N4 Chaumont / Blagny"]
[Site "?"]
[Date "2011.05.15"]
[Round "7.4"]
[White "Giorgetti, Cyril"]
[Black "Voguet, François"]
[Result "1-0"]
[WhiteElo "1947"]
[BlackElo "1820"]
[PlyCount "45"]
[EventDate "2011.05.15"]
[SourceDate "2011.05.15"]

1. e4 c5 2. Nf3 Nc6 3. d4 cxd4 4. Nxd4 e6 5. Be3 Nf6 6. Nc3 d6 7. f3 Be7 8. Qd2
Bd7 9. O-O-O a6 10. g4 h6 11. h4 Qa5 12. Nb3 Qc7 13. Be2 Ne5 14. g5 hxg5 15.
hxg5 Nh7 16. f4 Nc4 17. Bxc4 Qxc4 18. Kb1 O-O-O 19. Bb6 Rdg8 20. Bc5 Bc6 21.
Bxd6 Bd8 22. Be5 Bb6 23. Qd6 1-0